000 00932nam a2200229 i 4500
001 163375
003 ES-MaACL
005 20251111063352.0
008 990325s1867 fr |||| | fre d
040 _aAN
_bspa
_cAN
100 1 _aReusch, Franz Henri,
_d1825-1900
_9131735
245 1 3 _aLa Bible et la nature
_b: leçons sur l'histoire biblique de la création dans ses rapports avec les sciences naturelles /
_cpar F. Henri Reusch ; ouvrage publié ... et traduit de l'allemand ... par L'Abbé Xavier Hertel.
260 _aParis :
_bGaume Fréres et J. Duprey,
_c1867.
300 _aXI, 611 p. ;
_c19 cm.
597 _aAntep.
630 0 _aBiblia-
_vComentarios.
_9119238
650 4 _aPráctica religiosa.
_9136784
700 1 _aHertel, Xavier.
_9127937
852 _aES-MaACL
_jG-12118
_z-- Enc. hol.
_x-- T260: Completar (Corbeil: Typ. et stér. de Crété)
999 _c163375
_d163375